000 00706nam a2200241Ia 4500
003 OSt
005 20220918202639.0
006 a|||||r|||| 00| 0
007 ta
008 220917b |||||||| |||| 00| 0 eng d
024 _a102,761
037 _cTextual
040 _aARTS
_cARTS
_beng
041 _2eng
_aeng
082 _aV2,4M85.N85-M85, M5
100 _aZaidi A M
_9103484
245 0 _aCentury of state craft in India
_b study of the political resolutions of INC adopted during the last 10 years
260 _aNew Delhi
_bIIAPR
_c1985
300 _a504p.
_ccm.
650 _aHISTORY
942 _hV2,4M85.N85-M85, M5
_cTEXL
_2CC
999 _c226210
_d226210